[Event "BL 1718 Bayern München - SG Solingen"]
[Site "?"]
[Date "2017.10.23"]
[Round "2.2"]
[White "Bischoff, Klaus"]
[Black "Ganguly, Surya Shekhar"]
[Result "1/2-1/2"]
[WhiteElo "2510"]
[BlackElo "2657"]
[PlyCount "104"]
[EventDate "2017.??.??"]

1. c4 Nf6 2. Nc3 e6 3. Nf3 d5 4. d4 c6 5. e3 Nbd7 6. Qc2 Bd6 7. Bd2 O-O 8. h3
a5 9. g4 dxc4 10. Bxc4 b5 11. Bd3 b4 12. Na4 Ba6 13. Bxa6 Rxa6 14. e4 Be7 15.
g5 Nh5 16. Be3 Qb8 17. Nc5 Nxc5 18. dxc5 Rd8 19. Qc4 Ra8 20. Nd4 Qc7 21. O-O-O
g6 22. Nf3 Bf8 23. Rxd8 Rxd8 24. Rd1 Rxd1+ 25. Kxd1 Nf4 26. Qd4 Nh5 27. Ne5 Bg7
28. f4 Qb8 29. Ke1 b3 30. a4 h6 31. h4 hxg5 32. hxg5 Kh7 33. Kf2 f6 34. gxf6
Nxf6 35. Kf3 g5 36. Qd2 Kg8 37. Qd6 Qe8 38. Qxc6 Qh5+ 39. Kg3 gxf4+ 40. Bxf4
Kh7 41. Qxe6 Nxe4+ 42. Kg2 Qe2+ 43. Kh3 Qh5+ 44. Kg2 Qe2+ 45. Kh3 Qf1+ 46. Kg4
Qg2+ 47. Kh4 Qf2+ 48. Kg4 Nf6+ 49. Kg5 Qg2+ 50. Kh4 Qe4 51. Kg5 Qg2+ 52. Kh4
Qe4 1/2-1/2

[Event "BL 1718 Bayern München - SG Solingen"]
[Site "?"]
[Date "2017.10.23"]
[Round "2.3"]
[White "Bok, Benjamin"]
[Black "Fedorovsky, Michael"]
[Result "1/2-1/2"]
[WhiteElo "2611"]
[BlackElo "2478"]
[PlyCount "150"]
[EventDate "2017.??.??"]

1. Nf3 d5 2. g3 Nf6 3. Bg2 c5 4. O-O e6 5. d4 cxd4 6. Nxd4 e5 7. Nf3 Nc6 8. c4
d4 9. e3 Be7 10. exd4 exd4 11. Bf4 Be6 12. Ne5 Qb6 13. Re1 O-O 14. Nd2 Rac8 15.
Qb3 Rfd8 16. Nxc6 bxc6 17. Nf3 h6 18. Qxb6 axb6 19. Ne5 g5 20. Bd2 c5 21. f4
gxf4 22. Bxf4 Bd6 23. Nc6 Bxf4 24. gxf4 Rxc6 25. Bxc6 Bxc4 26. Bf3 Bd5 27. Kf2
Bxf3 28. Kxf3 Nd5 29. Re5 Kf8 30. Rd1 Rd6 31. Rd2 Nb4 32. b3 Nc6 33. Re1 Nb4
34. Re5 Nc6 35. Re1 Nb4 36. h3 Nd5 37. Re5 Nb4 38. h4 Nc6 39. Re1 Nb4 40. Re5
Nc6 41. Re1 Nb4 42. a3 Nd5 43. f5 Kg7 44. Re8 Kf6 45. Ke4 Ne3 46. Rf2 Ng4 47.
Rf4 d3 48. Rxg4 d2 49. Rg1 d1=Q 50. Rxd1 Rxd1 51. Rb8 Rd4+ 52. Ke3 Rxh4 53.
Rxb6+ Kxf5 54. Rb5 Rh3+ 55. Kf2 Kf4 56. Rxc5 Rxb3 57. Rc4+ Kg5 58. a4 Ra3 59.
Kg2 f5 60. Rb4 h5 61. Rc4 h4 62. Rb4 f4 63. Rb8 h3+ 64. Kf2 Ra2+ 65. Kf3 Ra3+
66. Kf2 Rxa4 67. Rg8+ Kf5 68. Rf8+ Ke6 69. Kf3 Ra1 70. Rh8 Rf1+ 71. Ke4 Kf6 72.
Rxh3 Kg5 73. Rh8 Kg4 74. Rg8+ Kh3 75. Rh8+ Kg3 1/2-1/2

[Event "BL 1718 Bayern München - SG Solingen"]
[Site "?"]
[Date "2017.10.23"]
[Round "2.4"]
[White "Vidonyak, Roman"]
[Black "Smeets, Jan"]
[Result "1/2-1/2"]
[WhiteElo "2436"]
[BlackElo "2605"]
[PlyCount "41"]
[EventDate "2017.??.??"]

1. d4 d5 2. c4 c6 3. cxd5 cxd5 4. Bf4 Nc6 5. e3 Nf6 6. Nc3 a6 7. Bd3 Bg4 8.
Nge2 e6 9. O-O Be7 10. h3 Bh5 11. Bg3 O-O 12. Rc1 Rc8 13. Qd2 Bg6 14. Nf4 Bxd3
15. Nxd3 Ne4 16. Nxe4 dxe4 17. Nc5 Qd5 18. Na4 Bb4 19. Qd1 Qb5 20. a3 Be7 21.
Rc3 1/2-1/2

[Event "BL 1718 Bayern München - SG Solingen"]
[Site "?"]
[Date "2017.10.23"]
[Round "2.5"]
[White "L'Ami, Erwin"]
[Black "Schenk, Andreas"]
[Result "1-0"]
[WhiteElo "2611"]
[BlackElo "2435"]
[PlyCount "148"]
[EventDate "2017.??.??"]

1. d4 Nf6 2. c4 e6 3. Nc3 Bb4 4. e3 O-O 5. Bd3 c5 6. Nge2 d5 7. a3 cxd4 8. exd4
dxc4 9. Bxh7+ Nxh7 10. axb4 Nc6 11. b5 Ne7 12. O-O a6 13. bxa6 Rxa6 14. Rxa6
bxa6 15. Qa4 Bb7 16. Qxc4 Qd7 17. Rd1 Rc8 18. Qd3 Qc6 19. f3 Nf6 20. Bg5 Ned5
21. Bxf6 Nxf6 22. Qe3 Qb6 23. Rd2 Rc4 24. Qf2 a5 25. h3 a4 26. Nd1 Qb4 27. Nf4
Qd6 28. Qe3 Rb4 29. Kf2 Qb6 30. Nc3 Bc6 31. Nd3 Rb3 32. Nc5 Rxb2 33. N3xa4 Bxa4
34. Nxa4 Rxd2+ 35. Qxd2 Qa7 36. Nc3 e5 37. Ne2 Qb6 38. Qe3 exd4 39. Nxd4 Qb2+
40. Ne2 Qc2 41. g4 Qc7 42. Kg2 Qd7 43. Nf4 Kf8 44. Nd3 Nd5 45. Qc5+ Kg8 46. Kf2
Qe6 47. h4 f6 48. Kg3 Kh7 49. Qd4 Kh8 50. h5 Qc6 51. Qe4 Qd6+ 52. Kg2 Qc6 53.
Kh3 Kg8 54. Ne1 Kf8 55. Ng2 Qd6 56. Nh4 Qc6 57. Nf5 Kf7 58. Kh4 Qc5 59. Kh3 Qc6
60. Qd4 Ne7 61. Nd6+ Ke6 62. Ne4 Nd5 63. Nc5+ Kd6 64. Nd3 Ke7 65. Kg3 Qd6+ 66.
Nf4 Nc7 67. Qc4 Ne8 68. Kh3 Kd7 69. Qb5+ Ke7 70. Qc4 Kd7 71. Nd5 Kd8 72. Qe4
Kd7 73. Ne3 Kd8 74. Nf5 Qd7 1-0

[Event "BL 1718 Bayern München - SG Solingen"]
[Site "?"]
[Date "2017.10.23"]
[Round "2.6"]
[White "Belezky, Alexander"]
[Black "Nikolic, Predrag"]
[Result "1/2-1/2"]
[WhiteElo "2386"]
[BlackElo "2586"]
[PlyCount "86"]
[EventDate "2017.??.??"]

1. Nf3 d5 2. g3 g6 3. d3 Bg7 4. Nbd2 c5 5. Bg2 Nc6 6. O-O Nf6 7. e4 O-O 8. Re1
e5 9. exd5 Nxd5 10. a3 Re8 11. Ne4 Qe7 12. c4 Nc7 13. Bg5 f6 14. Be3 Ne6 15.
Nc3 Rb8 16. b4 b6 17. b5 Ncd8 18. a4 Bb7 19. a5 Nf7 20. axb6 axb6 21. Ra7 f5
22. Nd5 Qd8 23. Nd2 Nc7 24. Nxc7 Qxc7 25. Nb1 Qc8 26. Bxb7 Rxb7 27. Ra6 Qd8 28.
Nc3 e4 29. Nd5 Ne5 30. dxe4 fxe4 31. Qe2 Nf3+ 32. Kg2 Nxe1+ 33. Qxe1 h6 34. Qd2
Kh7 35. Nxb6 Qxd2 36. Bxd2 Re6 37. Na4 Rxa6 38. bxa6 Ra7 39. Nxc5 Bd4 40. Ne6
Bb2 41. Nc5 Bd4 42. Ne6 Bb2 43. Nc5 Bd4 1/2-1/2

[Event "BL 1718 Bayern München - SG Solingen"]
[Site "?"]
[Date "2017.10.23"]
[Round "2.7"]
[White "Sandipan, Chanda"]
[Black "Meister, Peter"]
[Result "1/2-1/2"]
[WhiteElo "2555"]
[BlackElo "2377"]
[PlyCount "94"]
[EventDate "2017.??.??"]

1. e4 e6 2. d4 d5 3. e5 c5 4. c3 Nc6 5. Nf3 Nh6 6. Bd3 f6 7. O-O cxd4 8. cxd4
Nf7 9. Nc3 fxe5 10. Nxe5 Ncxe5 11. dxe5 Bc5 12. b4 Bb6 13. Na4 Bd4 14. Bb5+ Bd7
15. Bxd7+ Qxd7 16. Qxd4 Qxa4 17. Qg4 O-O 18. Qxe6 Qxb4 19. Qxd5 Rfd8 20. Qf3
Nxe5 21. Qf5 Re8 22. Rb1 Qe7 23. Bd2 b6 24. Rb5 Nc4 25. Bb4 Qf7 26. Qxf7+ Kxf7
27. Rf5+ Kg8 28. Rd1 Rad8 29. Rfd5 Rxd5 30. Rxd5 a5 31. Bc3 Re2 32. h4 Rxa2 33.
Rd7 Rc2 34. Bxg7 a4 35. h5 a3 36. h6 a2 37. Kh2 Rc1 38. g4 a1=Q 39. Bxa1 Rxa1
40. Rg7+ Kh8 41. Rc7 Nd6 42. Rc6 Rd1 43. Rxb6 Kg8 44. Kg3 Kf7 45. Rb8 Rh1 46.
g5 Nf5+ 47. Kg4 Nxh6+ 1/2-1/2

[Event "BL 1718 Bayern München - SG Solingen"]
[Site "?"]
[Date "2017.10.23"]
[Round "2.8"]
[White "Unzicker, Ferdinand"]
[Black "Naumann, Alexander"]
[Result "1/2-1/2"]
[WhiteElo "2312"]
[BlackElo "2563"]
[PlyCount "47"]
[EventDate "2017.??.??"]

1. d4 Nf6 2. c4 e6 3. Nc3 d5 4. Bg5 Be7 5. e3 Nbd7 6. Nf3 h6 7. Bh4 O-O 8. Rc1
c5 9. cxd5 Nxd5 10. Bxe7 Nxe7 11. Be2 b6 12. O-O Bb7 13. Qa4 Nf5 14. dxc5 Nxc5
15. Qf4 Qd6 16. Qxd6 Nxd6 17. Rfd1 Rfd8 18. Ne5 f6 19. Nc4 Nxc4 20. Bxc4 Kf7
21. b4 Ne4 22. Nb5 Rxd1+ 23. Rxd1 Ke7 24. f3 1/2-1/2

[Event "BL 1718 Hamburger SK - Schachfr. Berlin"]
[Site "?"]
[Date "2017.10.23"]
[Round "2.2"]
[White "Svane, Rasmus"]
[Black "Vocaturo, Daniele"]
[Result "1/2-1/2"]
[WhiteElo "2595"]
[BlackElo "2607"]
[PlyCount "114"]
[EventDate "2017.??.??"]

1. Nf3 c5 2. c4 Nc6 3. Nc3 e5 4. e3 Nf6 5. d4 e4 6. d5 exf3 7. dxc6 bxc6 8. e4
Qc7 9. gxf3 Bd6 10. Be3 O-O 11. Qd2 Be5 12. Rg1 d5 13. cxd5 cxd5 14. f4 d4 15.
fxe5 Qxe5 16. Bf4 dxc3 17. Bxe5 cxd2+ 18. Kxd2 Rd8+ 19. Kc2 Ng4 20. Bc3 f6 21.
h3 Ne5 22. f4 Ng6 23. Bc4+ Kf8 24. f5 Ne5 25. Bxe5 fxe5 26. Rg4 a5 27. Rh4 Rd4
28. Bd5 Ra6 29. Rxh7 Bxf5 30. Rh8+ Ke7 31. exf5 Rxd5 32. Rg1 Rad6 33. Rxg7+ Kf6
34. Rg2 Kxf5 35. Rf8+ Ke4 36. Re2+ Kd4 37. Rg8 Kc4 38. Rg4+ Kb5 39. Rge4 Rh6
40. R2e3 a4 41. b3 a3 42. Ra4 Rhd6 43. Rxa3 Rd2+ 44. Kc3 e4 45. Ra4 R6d3+ 46.
Rxd3 Rxd3+ 47. Kc2 Rxh3 48. Rxe4 Rh2+ 49. Kb1 Rh1+ 50. Kb2 Rh2+ 51. Ka3 Rg2 52.
Rc4 Rh2 53. Rc1 Rg2 54. Rb1 Rh2 55. Rb2 Rxb2 56. Kxb2 c4 57. bxc4+ Kxc4 1/2-1/2

[Event "BL 1718 Hamburger SK - Schachfr. Berlin"]
[Site "?"]
[Date "2017.10.23"]
[Round "2.3"]
[White "Mista, Aleksander"]
[Black "Miton, Kamil"]
[Result "1/2-1/2"]
[WhiteElo "2595"]
[BlackElo "2605"]
[PlyCount "55"]
[EventDate "2017.??.??"]

1. e4 c6 2. d4 d5 3. Nc3 dxe4 4. Nxe4 Bf5 5. Ng3 Bg6 6. h4 h6 7. Nf3 Nd7 8. h5
Bh7 9. Bd3 Bxd3 10. Qxd3 e6 11. Bd2 Ngf6 12. O-O-O Be7 13. Ne4 Nxe4 14. Qxe4
Nf6 15. Qe2 Qd5 16. c4 Qe4 17. Qxe4 Nxe4 18. Be3 f5 19. Kc2 f4 20. Kd3 fxe3 21.
Kxe4 exf2 22. Rhf1 Rf8 23. Rxf2 Bd6 24. Rdf1 Rf4+ 25. Ke3 Ke7 26. Ne5 Bxe5 27.
dxe5 Rxf2 28. Kd4 1/2-1/2

[Event "BL 1718 Hamburger SK - Schachfr. Berlin"]
[Site "?"]
[Date "2017.10.23"]
[Round "2.4"]
[White "Kempinski, Robert"]
[Black "Tomczak, Jacek"]
[Result "1/2-1/2"]
[WhiteElo "2593"]
[BlackElo "2583"]
[PlyCount "41"]
[EventDate "2017.??.??"]

1. d4 Nf6 2. c4 g6 3. Nf3 Bg7 4. e3 O-O 5. Be2 c5 6. d5 e6 7. Nc3 exd5 8. cxd5
d6 9. Nd2 b6 10. O-O Na6 11. e4 Nc7 12. a4 Re8 13. Re1 Rb8 14. Bb5 Re7 15. Bf1
Ng4 16. h3 Nxf2 17. Kxf2 Bd4+ 18. Kg3 Be5+ 19. Kf2 Bd4+ 20. Kg3 Be5+ 21. Kf2
1/2-1/2

[Event "BL 1718 Hamburger SK - Schachfr. Berlin"]
[Site "?"]
[Date "2017.10.23"]
[Round "2.6"]
[White "Ftacnik, Lubomir"]
[Black "Baldauf, Marco"]
[Result "1/2-1/2"]
[WhiteElo "2546"]
[BlackElo "2483"]
[PlyCount "44"]
[EventDate "2017.??.??"]

1. Nf3 g6 2. c4 Bg7 3. d4 Nf6 4. g3 O-O 5. Bg2 c5 6. Nc3 cxd4 7. Nxd4 Qc7 8. b3
d5 9. Ndb5 Qa5 10. Bd2 dxc4 11. bxc4 Qd8 12. O-O a6 13. Na3 Nc6 14. Rb1 Be6 15.
Na4 Qd6 16. Bc1 Qxd1 17. Rxd1 Rad8 18. Be3 Bf5 19. Rbc1 Rxd1+ 20. Rxd1 Rd8 21.
Rxd8+ Nxd8 22. h3 Nd7 1/2-1/2

[Event "BL 1718 Hamburger SK - Schachfr. Berlin"]
[Site "?"]
[Date "2017.10.23"]
[Round "2.7"]
[White "Seyb, Alexander"]
[Black "Rogozenco, Dorian"]
[Result "1/2-1/2"]
[WhiteElo "2403"]
[BlackElo "2472"]
[PlyCount "50"]
[EventDate "2017.??.??"]

1. e4 c5 2. Nf3 Nc6 3. Bb5 e6 4. O-O Nge7 5. Re1 Ng6 6. c3 d5 7. exd5 Qxd5 8.
d4 cxd4 9. c4 Qd6 10. Nxd4 Bd7 11. Bxc6 Bxc6 12. Nc3 Be7 13. Be3 a6 14. Qh5 O-O
15. Rad1 Qc7 16. Nb3 Bf6 17. Qa5 Rac8 18. Qxc7 Rxc7 19. Bd4 Be7 20. Bb6 Rcc8
21. f3 Bb4 22. Ba5 Be7 23. Bb6 Bb4 24. Ba5 Be7 25. Bb6 Bb4 1/2-1/2

[Event "BL 1718 Hamburger SK - Schachfr. Berlin"]
[Site "?"]
[Date "2017.10.23"]
[Round "2.8"]
[White "Sebastian, Dirk"]
[Black "Schmidek, Emil"]
[Result "1/2-1/2"]
[WhiteElo "2441"]
[BlackElo "2387"]
[PlyCount "84"]
[EventDate "2017.??.??"]

1. c4 Nf6 2. g3 g6 3. Bg2 d5 4. cxd5 Nxd5 5. Nc3 Nxc3 6. bxc3 Bg7 7. h4 c5 8.
h5 Nc6 9. Rb1 Qc7 10. Nh3 b6 11. Nf4 Bb7 12. Qa4 Qd7 13. O-O O-O 14. d4 cxd4
15. cxd4 Rfd8 16. hxg6 hxg6 17. d5 Nd4 18. Qxd7 Rxd7 19. Rd1 e5 20. Bb2 exf4
21. Bxd4 fxg3 22. fxg3 Rad8 23. e4 f5 24. Bxg7 Kxg7 25. Rbc1 fxe4 26. Bxe4 a5
27. Rb1 Bxd5 28. Bxd5 Rxd5 29. Rxd5 Rxd5 30. Rxb6 Rd2 31. a4 Ra2 32. Rb5 Rxa4
33. Kg2 Ra3 34. Kh3 Ra1 35. g4 Kf6 36. Kg3 a4 37. Ra5 a3 38. Kg2 Ke6 39. Ra6+
Kf7 40. Kh2 Ra2+ 41. Kg3 Ra1 42. Kf4 a2 1/2-1/2

[Event "BL 1718 SK Norderstedt - USV TU Dresden"]
[Site "?"]
[Date "2017.10.23"]
[Round "2.1"]
[White "Eljanov, Pavel"]
[Black "Trent, Lawrence"]
[Result "1/2-1/2"]
[WhiteElo "2720"]
[BlackElo "2435"]
[PlyCount "117"]
[EventDate "2017.??.??"]

1. Nf3 c5 2. e4 d6 3. d4 cxd4 4. Nxd4 Nf6 5. Nc3 g6 6. Be3 a6 7. Be2 Nbd7 8. a4
Bg7 9. O-O O-O 10. a5 Ne5 11. h3 Qc7 12. Qd2 Re8 13. Nd5 Nxd5 14. exd5 e6 15.
dxe6 Bxe6 16. Rfd1 Rac8 17. Nxe6 fxe6 18. c3 d5 19. Qc2 Nc4 20. Bxc4 Qxc4 21.
Ra4 Qb5 22. Ra3 Re7 23. Rd2 Rc4 24. Qd1 Rd7 25. g3 h6 26. h4 h5 27. Kh2 Kh7 28.
Qb3 Bf8 29. Qxb5 axb5 30. Rb3 b4 31. Bd4 Kg8 32. Kg2 Bd6 33. f4 Kf7 34. Kf3
Rdc7 35. Rd1 R7c6 36. Ra1 Ke8 37. Ke2 Kd8 38. Kd3 Kc8 39. Re1 Kd7 40. cxb4 Rxb4
41. Rxb4 Bxb4 42. Ra1 Ra6 43. Bc3 Bxc3 44. Kxc3 Rc6+ 45. Kb4 Rc2 46. b3 Kd6 47.
Rd1 Kc6 48. Rd3 b6 49. axb6 Kxb6 50. Re3 Rc6 51. Re5 Kc7 52. Ka3 Kd6 53. Kb2
Ke7 54. Re3 Kd6 55. b4 Rc4 56. Kb3 Rc1 57. Kb2 Rc4 58. Kb3 Rc1 59. Kb2 1/2-1/2

[Event "BL 1718 SK Norderstedt - USV TU Dresden"]
[Site "?"]
[Date "2017.10.23"]
[Round "2.2"]
[White "Ostrovskiy, Andrey"]
[Black "Almasi, Zoltan"]
[Result "1/2-1/2"]
[WhiteElo "2444"]
[BlackElo "2707"]
[PlyCount "53"]
[EventDate "2017.??.??"]

1. e4 c5 2. Nf3 d6 3. d4 cxd4 4. Nxd4 Nf6 5. Nc3 a6 6. Bc4 e6 7. a4 Nc6 8. O-O
Be7 9. Be3 O-O 10. Kh1 Qc7 11. Qe2 Na5 12. Ba2 b6 13. f4 Bb7 14. f5 e5 15. Nf3
Rac8 16. Nd2 Nc6 17. Qf2 Ng4 18. Qg3 Nxe3 19. Qxe3 Nd4 20. Rac1 Qd8 21. Nf3 Bf6
22. Qd3 Rc5 23. Bd5 Bc8 24. Ba2 Bb7 25. Bd5 Bc8 26. Ba2 Bb7 27. Bd5 1/2-1/2

[Event "BL 1718 SK Norderstedt - USV TU Dresden"]
[Site "?"]
[Date "2017.10.23"]
[Round "2.3"]
[White "Nisipeanu, Liviu-Dieter"]
[Black "Kopylov, Michael"]
[Result "1-0"]
[WhiteElo "2672"]
[BlackElo "2424"]
[PlyCount "75"]
[EventDate "2017.??.??"]

1. Nf3 d5 2. g3 c6 3. Bg2 Bg4 4. O-O Nd7 5. d4 Ngf6 6. Nbd2 e6 7. Re1 Be7 8. e4
dxe4 9. Nxe4 Nxe4 10. Rxe4 Nf6 11. Re1 O-O 12. h3 Bxf3 13. Bxf3 Qb6 14. c3 Rfd8
15. Qb3 Nd5 16. h4 c5 17. dxc5 Bxc5 18. Qxb6 Bxb6 19. Bg5 f6 20. Bd2 Nb4 21.
Re2 Nd3 22. Be1 Rd7 23. Rxe6 Nxb2 24. Re2 Nd3 25. c4 Kf8 26. Bc3 Rad8 27. Rd1
Bc5 28. Kf1 Nb4 29. Rxd7 Rxd7 30. Be4 Rd1+ 31. Kg2 Rc1 32. Bb2 Rxc4 33. Bxh7
Nc6 34. h5 Bd4 35. Bd3 Ra4 36. Bg6 Ne5 37. Re4 Nxg6 38. hxg6 1-0

[Event "BL 1718 SK Norderstedt - USV TU Dresden"]
[Site "?"]
[Date "2017.10.23"]
[Round "2.4"]
[White "Krause, Benedict"]
[Black "Bartel, Mateusz"]
[Result "1/2-1/2"]
[WhiteElo "2453"]
[BlackElo "2613"]
[PlyCount "56"]
[EventDate "2017.??.??"]

1. e4 e6 2. d4 d5 3. Nc3 Nf6 4. Bg5 dxe4 5. Nxe4 Be7 6. Bxf6 gxf6 7. Nf3 f5 8.
Nc3 Qd6 9. Qe2 a6 10. O-O-O Nd7 11. g3 b5 12. Bg2 Bb7 13. d5 b4 14. dxe6 Qxe6
15. Qxe6 fxe6 16. Ne2 O-O-O 17. Nf4 Bxf3 18. Bxf3 Bg5 19. Kb1 Ne5 20. Be2 Bxf4
21. gxf4 Ng6 22. Bxa6+ Kb8 23. Kc1 Nxf4 24. Rxd8+ Rxd8 25. Rd1 Rd6 26. Bc4 Kb7
27. Re1 Kc6 28. a4 bxa3 1/2-1/2

[Event "BL 1718 SK Norderstedt - USV TU Dresden"]
[Site "?"]
[Date "2017.10.23"]
[Round "2.5"]
[White "Vogel, Roven"]
[Black "Parvanyan, Ashot"]
[Result "1/2-1/2"]
[WhiteElo "2493"]
[BlackElo "2374"]
[PlyCount "44"]
[EventDate "2017.??.??"]

1. Nf3 Nf6 2. g3 g6 3. b3 Bg7 4. Bb2 O-O 5. Bg2 d6 6. d4 c5 7. c4 Nc6 8. Nc3
Bf5 9. d5 Na5 10. O-O a6 11. Nd2 Rb8 12. e4 Bd7 13. h3 b5 14. Qc2 e5 15. dxe6
Bxe6 16. cxb5 axb5 17. Ne2 Nc6 18. Nf4 Re8 19. Nd3 Rc8 20. Qd1 Qb6 21. Nf4 Nd4
22. Nf3 Nxf3+ 1/2-1/2

[Event "BL 1718 SK Norderstedt - USV TU Dresden"]
[Site "?"]
[Date "2017.10.23"]
[Round "2.6"]
[White "Powierski, Emil"]
[Black "Neef, Maximilian"]
[Result "0-1"]
[WhiteElo "2334"]
[BlackElo "2453"]
[PlyCount "78"]
[EventDate "2017.??.??"]

1. e4 e6 2. d4 d5 3. Nd2 dxe4 4. Nxe4 Bd7 5. Nf3 Bc6 6. Bd3 Nd7 7. Qe2 Ngf6 8.
Ng3 g6 9. h4 h6 10. Bd2 Bxf3 11. Qxf3 c6 12. O-O-O Qb6 13. h5 g5 14. Ne4 Be7
15. c4 Nxe4 16. Qxe4 O-O-O 17. Bc3 Bb4 18. Qe1 Bxc3 19. Qxc3 Kb8 20. Be2 Qc7
21. g3 Nf6 22. Qf3 Qe7 23. Qe3 Ka8 24. f4 Rhg8 25. Rhf1 g4 26. Rfe1 Qb4 27. Qe5
Nd7 28. Qe3 Qa5 29. Kb1 Qxh5 30. Bd3 Qa5 31. Rh1 Rh8 32. f5 e5 33. Rxh6 exd4
34. Qf4 Rxh6 35. Qxh6 Ne5 36. f6 Nxd3 37. Rxd3 Qf5 38. Kc2 Re8 39. Qd2 Re3 0-1

[Event "BL 1718 SK Norderstedt - USV TU Dresden"]
[Site "?"]
[Date "2017.10.23"]
[Round "2.7"]
[White "Maiwald, Jens-Uwe"]
[Black "Kahlert, Thomas"]
[Result "1-0"]
[WhiteElo "2452"]
[BlackElo "2195"]
[PlyCount "93"]
[EventDate "2017.??.??"]

1. d4 Nf6 2. Nf3 g6 3. Bg5 Bg7 4. Nbd2 d5 5. e3 O-O 6. Be2 c5 7. c3 Nc6 8. O-O
Qb6 9. Qb3 Qxb3 10. axb3 cxd4 11. exd4 Bf5 12. Rfe1 h6 13. Bh4 a6 14. b4 g5 15.
Bg3 Nh5 16. Nb3 Nxg3 17. hxg3 Rac8 18. Nc5 Rc7 19. b5 axb5 20. Bxb5 Bc8 21. Ra8
e5 22. Bxc6 exd4 23. Bxb7 Bxb7 24. Rxf8+ Bxf8 25. cxd4 Bxc5 26. dxc5 Rxc5 27.
Nd4 Bc8 28. f3 Rc4 29. Rd1 Kg7 30. Kf2 Kf6 31. Ke3 h5 32. Rh1 Kg6 33. Ra1 Kf6
34. Ra5 Rc1 35. Rxd5 Rg1 36. Kf2 Rb1 37. Rb5 Bd7 38. Rb4 Ke5 39. Ne2 f6 40. Ke3
h4 41. gxh4 gxh4 42. Nf4 Kd6 43. Rd4+ Ke7 44. Rb4 Bf5 45. Rb7+ Kd6 46. Rb6+ Ke5
47. Rb5+ 1-0

[Event "BL 1718 SK Norderstedt - USV TU Dresden"]
[Site "?"]
[Date "2017.10.23"]
[Round "2.8"]
[White "Michna, Christian"]
[Black "Hoffmann, Paul"]
[Result "1/2-1/2"]
[WhiteElo "2259"]
[BlackElo "2384"]
[PlyCount "47"]
[EventDate "2017.??.??"]

1. d4 Nf6 2. Bg5 d5 3. Bxf6 exf6 4. e3 c6 5. g3 Bd6 6. Bg2 h5 7. h4 Bg4 8. Nf3
O-O 9. Nbd2 Re8 10. O-O Qd7 11. Re1 Qf5 12. c4 dxc4 13. Nxc4 Bb4 14. Rf1 Na6
15. a3 Bf8 16. b4 Qb5 17. Rc1 Rad8 18. Qc2 Bf5 19. Qe2 Be4 20. Rfd1 Nc7 21. Ne1
g6 22. Bxe4 Rxe4 23. Qf3 f5 24. Ne5 1/2-1/2

[Event "BL 1718 SV Werder Bremen - Hamburger SK"]
[Site "?"]
[Date "2017.11.11"]
[Round "3.2"]
[White "McShane, Luke J"]
[Black "Huschenbeth, Niclas"]
[Result "1-0"]
[WhiteElo "2647"]
[BlackElo "2596"]
[PlyCount "73"]
[EventDate "2017.??.??"]

1. e4 c5 2. Nf3 d6 3. Bb5+ Nd7 4. O-O a6 5. Bd3 Ngf6 6. Re1 e6 7. c3 b5 8. Bc2
c4 9. b3 Bb7 10. bxc4 bxc4 11. Na3 Rc8 12. Rb1 Ba8 13. Qe2 Qc7 14. d4 cxd3 15.
Bxd3 Nc5 16. Bxa6 Nxa6 17. Qxa6 Bxe4 18. Rb6 Ra8 19. Qb5+ Nd7 20. Nc4 Bxf3 21.
gxf3 Rc8 22. Re4 Be7 23. Ba3 d5 24. Bd6 Bxd6 25. Nxd6+ Ke7 26. Nxc8+ Qxc8 27.
Rc6 Qb8 28. Qxd5 Rd8 29. Kg2 h6 30. Qd4 Nf6 31. Qc5+ Ke8 32. Rb4 Qa8 33. Rc7
Nd5 34. Rbb7 Nf4+ 35. Kg3 Ne2+ 36. Kh3 Nf4+ 37. Kg4 1-0

[Event "BL 1718 SV Werder Bremen - Hamburger SK"]
[Site "?"]
[Date "2017.11.11"]
[Round "3.3"]
[White "Ernst, Sipke"]
[Black "Efimenko, Zahar"]
[Result "1/2-1/2"]
[WhiteElo "2548"]
[BlackElo "2636"]
[PlyCount "56"]
[EventDate "2017.??.??"]

1. d4 d6 2. c4 e5 3. e3 Be7 4. Nc3 f5 5. g3 Nf6 6. Bg2 O-O 7. Nge2 Na6 8. O-O
c6 9. b3 e4 10. d5 Nc5 11. f3 cxd5 12. cxd5 exf3 13. Bxf3 Bd7 14. Nd4 Rc8 15.
Nce2 Qb6 16. a4 a5 17. Nf4 Nfe4 18. Bb2 Bf6 19. Nfe6 Bxe6 20. dxe6 Rce8 21. Be2
Nxe6 22. Bc4 N4c5 23. Rxf5 Kh8 24. Qg4 Nxd4 25. Bxd4 Bxd4 26. Rxf8+ Rxf8 27.
Qxd4 Qd8 28. Rf1 Rxf1+ 1/2-1/2

[Event "BL 1718 SV Werder Bremen - Hamburger SK"]
[Site "?"]
[Date "2017.11.11"]
[Round "3.4"]
[White "Nyback, Tomi"]
[Black "Kollars, Dmitrij"]
[Result "1-0"]
[WhiteElo "2572"]
[BlackElo "2498"]
[PlyCount "79"]
[EventDate "2017.??.??"]

1. d4 d5 2. c4 e6 3. Nf3 Nf6 4. g3 Bb4+ 5. Bd2 Bd6 6. Nc3 O-O 7. Qc2 Nbd7 8. c5
Be7 9. Bg2 c6 10. O-O b6 11. b4 a5 12. a3 Ba6 13. Rfd1 Bc4 14. Bf4 Nh5 15. Be5
f6 16. Bd6 Bxd6 17. cxd6 Qb8 18. Nd2 b5 19. Nxc4 bxc4 20. b5 Qxd6 21. bxc6 Nb6
22. e4 f5 23. Rab1 Qxc6 24. exf5 Nf6 25. fxe6 Qxe6 26. Re1 Qd6 27. Rb5 a4 28.
Reb1 Rab8 29. Qb2 Nbd7 30. Nxd5 Rxb5 31. Qxb5 Rc8 32. Qb4 Qxb4 33. Rxb4 Kf8 34.
Nc3 Ke7 35. Rxa4 Rc7 36. Rb4 Nf8 37. Bf1 Ne6 38. Nb5 Rd7 39. Rxc4 Ne4 40. Bg2
1-0

[Event "BL 1718 SV Werder Bremen - Hamburger SK"]
[Site "?"]
[Date "2017.11.11"]
[Round "3.5"]
[White "Lampert, Jonas"]
[Black "Spoelman, Wouter"]
[Result "0-1"]
[WhiteElo "2514"]
[BlackElo "2586"]
[PlyCount "152"]
[EventDate "2017.??.??"]

1. d4 d5 2. c4 c6 3. Nf3 Nf6 4. Nbd2 Bf5 5. Nh4 Be4 6. Qb3 Qc7 7. Nxe4 Nxe4 8.
Nf3 e6 9. Nd2 Nd6 10. g3 g6 11. Bg2 Bg7 12. Qd3 O-O 13. O-O Rd8 14. cxd5 cxd5
15. Nb3 Nc6 16. Bf4 Qb6 17. Bxd6 Rxd6 18. e3 Nb4 19. Qc3 Rc6 20. Nc5 Na6 21.
Na4 Qb5 22. Qb3 Qxb3 23. axb3 Rac8 24. Rfd1 Nb4 25. Nc3 a6 26. h4 h5 27. Bf3
R6c7 28. Kg2 Bf8 29. Rd2 Kg7 30. Kf1 Be7 31. Ke2 Rd8 32. Bg2 Nc6 33. Rdd1 Bb4
34. Na2 Bd6 35. Nc3 Bb4 36. Na2 Rdc8 37. Rdc1 Be7 38. Nc3 Bf6 39. Rd1 Na7 40.
Bf3 Rc6 41. Rd3 Be7 42. Kd1 Bb4 43. Na2 Ba5 44. b4 Bd8 45. Rc3 Nb5 46. Rxc6
Rxc6 47. Rc1 Rb6 48. Kd2 Be7 49. Kd3 Na7 50. e4 dxe4+ 51. Bxe4 Bxb4 52. Rc7 Be1
53. Rxb7 Rxb7 54. Bxb7 Bxf2 55. Bxa6 Nc6 56. b4 Bxg3 57. b5 Nb8 58. Bc8 Bxh4
59. d5 exd5 60. Nb4 Kf6 61. Kd4 Bf2+ 62. Kxd5 Ke7 63. Nd3 Bb6 64. Ne5 Bc7 65.
Nc4 f5 66. Kd4 Nd7 67. Ke3 Nb6 68. Nxb6 Bxb6+ 69. Kf3 Kf6 70. Bb7 g5 71. Kg3
Ke5 72. Bf3 h4+ 73. Kh3 Kf4 74. Bd1 Bd8 75. Bc2 g4+ 76. Kh2 Kg5 0-1

[Event "BL 1718 SV Werder Bremen - Hamburger SK"]
[Site "?"]
[Date "2017.11.11"]
[Round "3.6"]
[White "Markgraf, Rolf-Alexander"]
[Black "Heinemann, Thies"]
[Result "1-0"]
[WhiteElo "2513"]
[BlackElo "2484"]
[PlyCount "89"]
[EventDate "2017.??.??"]

1. e4 c5 2. Nf3 d6 3. d4 cxd4 4. Nxd4 Nf6 5. Nc3 a6 6. Be3 e5 7. Nf3 Be7 8. Bc4
Be6 9. Bb3 Qc8 10. O-O Nbd7 11. Qe2 Qc6 12. Bg5 O-O 13. Nd5 Bxd5 14. Bxd5 Qb6
15. Bb3 a5 16. Bxf6 Bxf6 17. c3 a4 18. Bd5 Qc7 19. a3 g6 20. Rfd1 Kg7 21. Ne1
Nb6 22. Nc2 Be7 23. Ne3 Ra5 24. Ba2 Bg5 25. Nf1 Rd8 26. Rd3 d5 27. Rf3 f6 28.
Rd1 dxe4 29. Rxd8 Qxd8 30. Qxe4 Qc7 31. h4 Bc1 32. Ng3 Ra8 33. h5 Rd8 34. hxg6
hxg6 35. Qg4 Bg5 36. Qe6 e4 37. Qxe4 Rd1+ 38. Kh2 f5 39. Qe6 Bd8 40. Qg8+ Kh6
41. Bf7 Qd6 42. Bxg6 Qc7 43. Bf7 Qd6 44. Qh8+ Kg5 45. Rxf5+ 1-0

[Event "BL 1718 SV Werder Bremen - Hamburger SK"]
[Site "?"]
[Date "2017.11.11"]
[Round "3.7"]
[White "Carlstedt, Jonathan"]
[Black "Fish, Gennadij"]
[Result "1-0"]
[WhiteElo "2413"]
[BlackElo "2457"]
[PlyCount "79"]
[EventDate "2017.??.??"]

1. d4 Nf6 2. c4 e6 3. Nf3 Bb4+ 4. Bd2 c5 5. g3 b6 6. Bg2 Bb7 7. O-O O-O 8. Nc3
cxd4 9. Nb5 Be7 10. Nbxd4 d5 11. Ne5 Bc5 12. Nb5 Ne4 13. Bf4 Nc6 14. cxd5 exd5
15. Nd3 Be7 16. Qa4 Bf6 17. Nc7 Nd4 18. Nxa8 Nxe2+ 19. Kh1 Nxf4 20. Nxf4 Qxa8
21. Rad1 g6 22. Kg1 d4 23. Qb3 Rd8 24. h4 Be5 25. Nd3 Bg7 26. Rfe1 Bd5 27. Qc2
f5 28. Nf4 Rc8 29. Qd3 Bxa2 30. h5 g5 31. Rxe4 fxe4 32. Bxe4 Qb8 33. Bxh7+ Kh8
34. h6 Bf6 35. Qf5 Qd6 36. Ng6+ Kxh7 37. Ne5+ Kh8 38. Qxc8+ Kh7 39. Qf5+ Kh8
40. Re1 1-0